German Cities with the Most Tourists - Statistics

General Stats
  • This quiz has been taken 48,329 times
  • The average score is 7 of 10
Answer Stats
# Visitors City % Correct
30.6 mil Berlin
100%
19.7 mil Munich
96%
16.1 mil Hamburg
88%
11.1 mil Frankfurt am Main
85%
7.1 mil Cologne
75%
5.5 mil Düsseldorf
59%
4.7 mil Stuttgart
55%
4.6 mil Dresden
53%
3.8 mil Leipzig
44%
3.9 mil Nuremberg
42%
No matching quizzes found
Score Distribution
Percent of People with Each Score
Percentile by Number Answered
Your Score History
You have not taken this quiz